عرض عادي عرض مارك
  • Computational autonomy

مدخل مصطلح موضوعي

عدد التسجيلات المستخدمة في: 1

001 - رقم الضبط

  • حقل الضبط: 7780

003 - معرف رقم الضبط

  • حقل الضبط: OSt

005 - تاريخ ووقت أخر عملية

  • حقل الضبط: 20111213095402.0

008 - عناصر بيانات ثابتة الطول

  • حقل تحكم ثابت الطول: 111213|||a|||||| | ||| d

040 ## - مصدر الفهرسة

  • هيئة الفهرسة الأصلية: OSt
  • وكالة الكتابة: OSt

150 ## - مدخل-- مصطلح تاريخي

  • عنصر مدخل المصطلح الموضوعي او الاسم الجغرافي: Computational autonomy

670 ## - بيانات المصدر موجوده

  • الاستشهاد بالمصدر: Work cat.: (OSt)3663: International Workshop on Computational Autonomy (1st 2003 Melbourne, Vic.)10 Ag 7778, Agents and computational autonomy , 2004.